<?xml version="1.0" encoding="UTF-8"?>
<marc:record xmlns:marc="http://www.loc.gov/MARC21/slim">
   <marc:leader>00000nam a2200000 a 4500</marc:leader>
   <marc:datafield ind1="1" ind2=" " tag="100">
      <marc:subfield code="a">Bonaventura &lt;Sanctus&gt;</marc:subfield>
      <marc:subfield code="4">aut</marc:subfield>
      <marc:subfield code="e">Verfasser/-in</marc:subfield>
   </marc:datafield>
   <marc:datafield ind1=" " ind2=" " tag="653">
      <marc:subfield code="a">s||Novize</marc:subfield>
   </marc:datafield>
   <marc:datafield ind1="0" ind2="0" tag="245">
      <marc:subfield code="a">Specvlvm disciplinae novitiorvm, Das ist, Zuchtspiegel der newen Geistlichen Ordens Personen</marc:subfield>
   </marc:datafield>
   <marc:datafield ind1="0" ind2="0" tag="245">
      <marc:subfield code="c">Beschrieben durch den H. Seraphischen Kirchenlehrer Bonaventuram Franciscaner Ordens ... Durch P. Christianum Seuringhausen, der strenger Observantz Priestern, Auß dem Latein in teutsch versetzt</marc:subfield>
   </marc:datafield>
   <marc:datafield ind1=" " ind2="1" tag="264">
      <marc:subfield code="a">Cölln</marc:subfield>
      <marc:subfield code="b">W. Friessem</marc:subfield>
      <marc:subfield code="c">1654</marc:subfield>
   </marc:datafield>
   <marc:datafield ind1=" " ind2=" " tag="300">
      <marc:subfield code="a">[12] Bl., 276 S., [12] Bl.; 11 cm</marc:subfield>
   </marc:datafield>
</marc:record>
